Manuscrito donde se detallan las dificultades del resello de la Bulla de la Santa Cruzada

Detalles Bibliográficos
Formato: Libro
Publicado: s.l., s.f.
Materias:
Colección:Banco de datos
Acervo:Biblioteca Palafoxiana. Colección de Manuscritos
Descripción Física:4 f. ; 31 x 21 cm.
Tema general:Eclesiástica
LEADER 00395nam a22001330004500
035 |a 1661 
245 1 0 |a Manuscrito donde se detallan las dificultades del resello de la Bulla de la Santa Cruzada 
260 |a s.l., s.f. 
300 |a 4 f. ; 31 x 21 cm. 
650 1 0 |a Eclesiástica 
949 |a 32282/082 
942 |c PALAMANU 
943 |g Biblioteca Palafoxiana. Colección de Manuscritos 
999 |c 1069606  |d 1069606